000 00461nam a2200169Ia 4500
003 LK-CoDNM
008 010623t1926 xxu||||| |||| 00| 1 eng d
040 _aLK-CoDNM
_dLK-CoDNM
_eLK-CoDNM
041 _aeng
_asin
080 _a104 F.26
100 _aSamarasinghe,R.L.P
_eed.
245 _aඉංග්‍රීසි උගන්වන්නා
246 _aTutorial Reader
260 _bVidyaa saagara
_aColombo
_c1926
300 _b32p., 21 cm
942 _cBK
999 _c93402
_d93402